00438nam a2200109Ia 4500008004100000050002500041100002700066245010300093260008600196300003400282521001200316140724s9999 xx 000 0 und d aRT 48.6b.Ag283 2010 aTrajano, Ramona Elisa. 2aA community diagnosis of CAA-B Sitio Bathalang Bato and Sitio Maligaya /cTheresa Tracy D. Aguila. aLas Piñas, Philippines :bSouthville International School and Colleges,cC2010. a173 p. :bcol. Ill. ;c28 cm. aNursing